Low cholesterol cooking : step by step

Bibliographic Details
Format: Book
Published: London : Tiger Books International , 1991
Series:Healthy Cooking
Subjects:

MARC

LEADER 00000cam a2200000 7i4500
001 0000001748
002 000001904
005 20080125.0
020 |a 1855012146 
090 0 0 |a 641.5635   |b LOW 
245 0 0 |a Low cholesterol cooking :   |b step by step 
260 |a London :   |b Tiger Books International ,   |c 1991 
300 |a 64p. ;   |c 27cm. 
490 0 |a Healthy Cooking 
650 0 0 |a Cookery 
650 0 0 |a Low-cholesterol diet   |x Recipes 
999 |a 034860   |b BUKU   |c PINJAMAN   |e PERPUSTAKAAN KOMUNITI PETALING JAYA 
999 |a 034861   |b BUKU   |c PINJAMAN   |e PERPUSTAKAAN KOMUNITI PETALING JAYA